01347nam a2200277 a 4500001001000000005001700010008004100027041000800068044000800076050002100084100002500105245011200130260004000242300002500282440011300307500003200420500021400452500005700666500000800723504003400731650007100765650007500836650006700911650005900978710003201037BRCA_543420190320205057.0731029s1938####nyua######---#000-0#eng-# aeng anyu 4aZ2682b.P46 19381 aPenney, Clara Louisa10aList of books printed 1601-1700bin the Library of the Hispanic Society of Americacby Clara Louisa Penney. aNueva YorkbOrder of Trusteesc1938 axxvi, 972 p.c20 cm. 0aHispanic notes & monographs: essays, studies, and bref biographies issued by the Hispanic Society of America aIncluye indice alfabético aCon apendices: I. Libros de Los Siglos XV y XVI no incluidos en la ´Lista de libros impresos antes de 1601´ (Nueva York, 1929). -- II. Lista revisada de imprentas e impresores de libros Hispanos 1468?-1700 aVer también M22 para libros impresos antes de 1601 aM29 aBibliografía: p. [vii]-xxvi14aLiteratura españolaxBibliografíayPeriodo Clásico 1500-170014aBibliografíaxPrimeros libros impresosySiglo XVIIzAmérica Latina14aBibliografíaxPrimeros libros impresosySiglo XVIIzEspaña14aLibros ilustradosvBibliografíaySiglos XVII y XVIII2 aHispanic Society of America